000 00375cam a2200157ua 4500
041 _aeng
_h
082 _a826
_bSMI/SP
100 _aSmith, Gregery .
245 _aSpectator vol-3 /
_cGregory smith.
_hTextual Documents
250 _a1 /
_b.
260 _aLondon :
_bEverymans Library ,
_c1963.
300 _a491 ; .
504 _a
942 _cBK
999 _c7850
_d7850